=LDR 00000nam 2200000 4500 =001 NUTBA000000000000289 =005 20140320110013.0 =006 =007 =008 =020 ##$$a 978-602-217-257-4 =035 ##$$a 0010-031400000000288 =082 ##$$a 371.27 =090 ##$$a 371.27 Suh d =100 ##$$a Suharsimi Arikunto $c Prof,Dr. =245 ##$$a Dasar - dasar Evaluasi Pendidikan =250 ##$$a Ed.2 =260 ##$$a Jakarta $b Bumi Aksara $c 2013 =300 ##$$a x,340 hlm $b ilus $c 23 cm =850 ##$$a nbpnmat =990 ##$$a 90765/BPAP-NTB/2014